[Event "Challenge"]
[Site "http://www.queenalice.com/game.php?id=88206"]
[Date "2006.7.21"]
[Round "-"]
[White "nes_xora"]
[Black "feto"]
[Result "0-1"]
[WhiteElo "1089"]
[BlackElo "1328"]

1. d4 d5 2. Bf4 e6 3. Nc3 Nc6 4. Nh3 Bd6 5. Nb5 Nf6 6. a4 a6 7. Nc3 b5 8. axb5
axb5 9. Rxa8 b4 10. Nb5 O-O 11. Nxd6 cxd6 12. e3 Na5 13. Ng5 Qb6 14. h4 b3 15.
cxb3 Nxb3 16. h5 Qb4+ 17. Ke2 Bd7 18. Rxf8+ Kxf8 19. Nxh7+ Nxh7 20. Bxd6+ Qxd6
21. Qxb3 e5 22. dxe5 Qxe5 23. Qb8+ Qxb8 24. h6 g6 25. Rh4 Bc8 26. Rd4 Qc7 27.
Rxd5 Qc4+ 28. Rd3 Bf5 29. Kf3 Bxd3 30. Bxd3 Qxd3 31. b4 Nf6 32. g3 Qf5+ 33. Ke2
Ng4 34. f3 Qb5+ 35. Kd2 Qd5+ 36. Kc3 Nxe3 37. h7 Qe5+ 38. Kd3 Nf5 39. h8=Q+ Qxh8
40. b5 Qd4+ 41. Kc2 Ne3+ 42. Kb1 Nc4 43. Kc2 Qe3 44. g4 Qxf3 45. g5 f5 46. gxf6
Qxf6 47. Kd3 Ne5+ 48. Kc3 g5 49. Kd4 g4 50. Ke3 g3 51. Kd4 g2 52. Kc5 g1=Q+ 53.
Kd5 Nd3 54. Kc4 Qfd4+ 55. Kb3 Qd1+ 56. Ka2 Qb2# 0-1

[Event "Challenge"]
[Site "http://www.queenalice.com/game.php?id=89600"]
[Date "2006.7.25"]
[Round "-"]
[White "nes_xora"]
[Black "tchello77"]
[Result "1-0"]
[WhiteElo "967"]
[BlackElo "1187"]

1. e4 e5 2. Nh3 d6 3. Qh5 Bxh3 4. gxh3 g6 5. Qg4 Nf6 6. Qh4 Bh6 7. Qxh6 Nh5 8.
Nc3 Nd7 9. Nb5 Nf4 10. Qg7 Ke7 11. d4 h6 12. Bxf4 exf4 13. Rg1 c6 14. Rxg6 Qa5+
15. b4 Qxb4+ 16. c3 Qa5 17. Nxd6 Qxc3+ 18. Ke2 Qb2+ 19. Kf3 Qxa1 20. Nxf7 Rag8
21. Nxh8+ Kd8 22. Qxg8+ Kc7 23. Bc4 Qc3+ 24. Kxf4 Qxd4 25. Be6 Qe5+ 26. Kg4
Qxe4+ 27. Kh5 Qf4 28. Rxh6 Nf8 29. Nf7 Qe5+ 30. Nxe5 1-0

[Event "Challenge"]
[Site "http://www.queenalice.com/game.php?id=103662"]
[Date "2006.9.8"]
[Round "-"]
[White "nes_xora"]
[Black "swinton"]
[Result "0-1"]
[WhiteElo "1122"]
[BlackElo "1356"]

1. e3 e5 2. Nc3 Nf6 3. Bc4 d5 4. Bb3 c6 5. Nf3 e4 6. Ne5 Bd6 7. Nxf7 Kxf7 8. h4
Bg3 9. fxg3 Bg4 10. Ne2 Nh5 11. a4 Nxg3 12. d4 Nxh1 13. c4 Ng3 14. Qd2 Nxe2 15.
g3 Nxg3 16. cxd5 cxd5 17. Qh2 Nf5 18. Qg2 Qxh4+ 19. Qf2 Rd8 20. a5 Na6 21. Ra4
Rac8 22. Bd2 b5 23. axb6 axb6 24. Rxa6 Ra8 25. Rxb6 Ra1+ 26. Bc1 Rxc1+ 27. Kd2
Qxf2+ 28. Kxc1 Qxe3+ 29. Kc2 Nxd4+ 30. Kb1 Nxb3 31. Ka2 Qxb6 32. Ka3 Ra8# 0-1

[Event "Challenge"]
[Site "http://www.queenalice.com/game.php?id=113208"]
[Date "2006.10.4"]
[Round "-"]
[White "torres"]
[Black "nes_xora"]
[Result "1-0"]
[WhiteElo "1268"]
[BlackElo "1157"]

1. e4 d5 2. exd5 Qxd5 3. Nc3 Qe5+ 4. Be2 h5 5. Nf3 Qc5 6. h3 Nf6 7. d4 Qb4 8. a3
Qa5 9. O-O h4 10. Bd2 g5 11. Nb5 Qa4 12. b3 Qa6 13. Nxc7+ Kd7 14. Nxa6 bxa6 15.
Ne5+ Kc7 16. Ba5+ Kb7 17. Bf3+ Nc6 18. Nxc6 g4 19. hxg4 h3 20. g3 h2+ 21. Kh1
Bxg4 22. Ne5+ Bxf3+ 23. Qxf3+ Kb8 24. Nxf7 Rh5 25. Qf4+ Kb7 26. Qc7# 1-0

[Event "Challenge"]
[Site "http://www.queenalice.com/game.php?id=136092"]
[Date "2006.12.2"]
[Round "-"]
[White "nes_xora"]
[Black "farofa38"]
[Result "0-1"]
[WhiteElo "1232"]
[BlackElo "1223"]

1. e4 Nh6 2. Bb5 e5 3. Nh3 a6 4. Bc4 Qf6 5. a4 Bc5 6. f4 exf4 7. d4 Bxd4 8. Nxf4
d6 9. a5 Ng4 10. Ra3 c5 11. c3 Be3 12. h3 Qxf4 13. hxg4 Qf2# 0-1

[Event "Challenge"]
[Site "http://www.queenalice.com/game.php?id=155609"]
[Date "2007.1.18"]
[Round "-"]
[White "nes_xora"]
[Black "queiroga"]
[Result "0-1"]
[WhiteElo "1142"]
[BlackElo "1209"]

1. e4 e5 2. Qg4 d6 3. Bb5+ c6 4. Bxc6+ bxc6 5. Qg3 d5 6. exd5 cxd5 7. Qxe5+ Qe7
8. Nf3 Qe6 9. Nc3 Bd6 10. Qe3 Ba6 11. Nxd5 Nf6 12. a4 Nxd5 13. Nd4 Qe5 14. Ra3
Nxe3 15. Rxe3 O-O 16. Rxe5 Bxe5 17. Nf5 Re8 18. h4 Nd7 19. Rh3 Nc5 20. Rg3 Bxg3+
21. Kd1 Bxf2 22. d3 Rad8 23. c4 Rxd3+ 24. Kc2 Re2+ 25. Kb1 Nb3 26. Ne7+ Rxe7 27.
Bg5 Re1+ 28. Kc2 Rg3 29. c5 Bxc5 30. h5 Nd4+ 31. Kd2 Re2+ 32. Kd1 Rgxg2 33. h6
Rg1# 0-1

[Event "Challenge"]
[Site "http://www.queenalice.com/game.php?id=165945"]
[Date "2007.2.9"]
[Round "-"]
[White "Macuei"]
[Black "nes_xora"]
[Result "1-0"]
[WhiteElo "1744"]
[BlackElo "1142"]

1. e4 e6 2. e5 Nc6 3. Nf3 Bc5 4. d4 Bxd4 5. Nxd4 Nxe5 6. Qh5 g5 7. Bxg5 Nf6 8.
Bxf6 Qxf6 9. Nd2 a5 10. Ne4 Qg6 11. Qh4 Qg4 12. Nf6+ Ke7 13. Nxg4+ Kd6 14. Nxe5
Kxe5 15. Rd1 Ra6 16. f4+ Kd5 17. Qe7 Ke4 18. Bxa6 bxa6 19. O-O Kd5 20. Qf6 Rg8
21. Qxf7 Kc5 22. Qxg8 Bb7 23. Nb3+ Kc4 24. f5 a4 25. Rf4+ Kb5 26. Nd4+ Kc4 27.
Nxe6+ Kb5 28. Nxc7+ Kc6 29. Rc4+ Kb6 30. Rd6+ Ka5 31. b4+ axb3 32. axb3 1-0